Кандид, или Оптимизм (Запись № 1519940)

Подробности
000 -МАРКЕР
контрольное поле 02149nam0a2200409 4500
001 - ИДЕНТИФИКАТОР ЗАПИСИ
контрольное поле RU\NLR\bibl\1458703
005 - ИДЕНТИФИКАТОР ВЕРСИИ
контрольное поле 20260406160608.0
010 ## - МЕЖДУНАРОДНЫЙ СТАНДАРТНЫЙ НОМЕР КНИГИ (ISBN)
Номер (ISBN) 978-5-93898-239-0
Тираж 900
021 ## - НОМЕР ГОСУДАРСТВЕННОЙ РЕГИСТРАЦИИ
Код страны Российская Федерация
Номер 2009-95303
Номер Листа государственной регистраци 6044
035 ## - ДРУГИЕ СИСТЕМНЫЕ НОМЕРА
Идентификатор записи (NLR Aleph) 001450483
100 ## - ДАННЫЕ ОБЩЕЙ ОБРАБОТКИ
Данные общей обработки 20090930d2009 |||y0rusy50 ca
101 1# - ЯЗЫК РЕСУРСА
Язык текста, звукозаписи и т.д. русский
Язык оригинала французский
102 ## - СТРАНА ПУБЛИКАЦИИ ИЛИ ПРОИЗВОДСТВА
Страна публикации Российская Федерация
105 ## - ПОЛЕ КОДИРОВАННЫХ ДАННЫХ: ТЕКСТОВЫЕ МАТЕРИАЛЫ, МОНОГРАФИЧЕСКИЕ
Кодированные данные о монографическом текстовом документе a |||||||||
200 1# - ЗАГЛАВИЕ И СВЕДЕНИЯ ОБ ОТВЕТСТВЕННОСТИ
Основное заглавие Кандид, или Оптимизм
Сведения, относящиеся к заглавию [сборник]
Первые сведения об ответственности Вольтер
Последующие сведения об ответственности пер. с фр. Ф.К. Соллогуба
-- [послесл. и коммент. А.Д. Михайлова]
-- ил. Умберто Брунеллески
210 ## - ПУБЛИКАЦИЯ, РАСПРОСТРАНЕНИЕ И ДР.
Место издания, распространения и т.д. Санкт-Петербург
Имя издателя, распространителя и т. д. Вита Нова
Дата издания, распространения и т.д. 2009
215 ## - ФИЗИЧЕСКАЯ ХАРАКТЕРИСТИКА
Специфическое обозначение материала и объем 253, [1] с.
Другие сведения о физической характеристике ил., цв. ил.
Размеры 25
225 1# - СЕРИЯ
Основное заглавие серии Фамильная библиотека
Наименование части Будуар
300 ## - ОБЩИЕ ПРИМЕЧАНИЯ
Текст примечания В макете загл.: Кандид
300 ## - ОБЩИЕ ПРИМЕЧАНИЯ
Текст примечания В аннот. авт.: Мари-Франсуа Аруэ - псевд. Вольтер
300 ## - ОБЩИЕ ПРИМЕЧАНИЯ
Текст примечания На обл. авт. не указан
327 1# - ПРИМЕЧАНИЯ О СОДЕРЖАНИИ
Текст примечания Содерж.: Кандид, или Оптимизм: повесть; новеллы: Кривой ключник; Кози-Санкта. Малое зло ради великого блага: африканская повесть; Мемнон, или Благоразумие людское; Двое утешенных; История путешествий Сакраменадо, написанная им самим
517 0# - ДРУГИЕ ВАРИАНТЫ ЗАГЛАВИЯ
Вариант заглавия Кандид
517 0# - ДРУГИЕ ВАРИАНТЫ ЗАГЛАВИЯ
Вариант заглавия Оптимизм
600 #1 - ИМЯ ЛИЦА КАК ПРЕДМЕТ
Начальный элемент ввода Брунеллески
Часть имени, кроме начального элемента ввода У.
Даты 1879 - 1949
Расширение инициалов личного имени Умберто
Системный номер авторитетной/нормативной записи 2580569
Идентификатор авторитетной/нормативной записи RU\NLR\auth\661525570
686 ## - ИНДЕКСЫ ДРУГИХ КЛАССИФИКАЦИЙ
Индекс Щ103(4Ит)5-8Брунеллески
686 ## - ИНДЕКСЫ ДРУГИХ КЛАССИФИКАЦИЙ
Индекс Ш6(4Фр)457-4{Лх1645-45}
700 #1 - ИМЯ ЛИЦА - ПЕРВИЧНАЯ ОТВЕТСТВЕННОСТЬ
Код отношения Автор
Графика поля Кириллица
Материалы, к которым относится поле rus
Начальный элемент ввода Вольтер
Часть имени, кроме начального элемента ввода Ф. М.
Даты 1694-1778
Расширение инициалов личного имени Франсуа Мари
Системный номер авторитетной/нормативной записи 118227
Идентификатор авторитетной/нормативной записи RU\NLR\auth\778316
702 #1 - ИМЯ ЛИЦА - ВТОРИЧНАЯ ОТВЕТСТВЕННОСТЬ
Код отношения Иллюстратор
Графика поля Кириллица
Материалы, к которым относится поле rus
Начальный элемент ввода Брунеллески
Часть имени, кроме начального элемента ввода У.
Даты 1879-1949
Расширение инициалов личного имени Умберто
Системный номер авторитетной/нормативной записи 190643
Идентификатор авторитетной/нормативной записи RU\NLR\AUTH\770190694
801 #0 - ИСТОЧНИК ЗАПИСИ
Страна Российская Федерация
Организация NLR
Дата составления 20090930
Правила каталогизации RCR
801 #1 - ИСТОЧНИК ЗАПИСИ
Страна Российская Федерация
Организация NLR
Дата составления 20090930
830 ## - ОБЩЕЕ ПРИМЕЧАНИЕ, СОСТАВЛЕННОЕ КАТАЛОГИЗАТОРОМ
Текст примечания лица по кн.
942 ## - ДОПОЛНИТЕЛЬНЫЕ ЭЛЕМЕНТЫ ЗАПИСИ (АБИС)
Тип экземпляра АБИС Книга
980 ## - КОЛЛЕКЦИЯ
Название коллекции Национальная библиография
Экземпляры
Тип экземпляра Дата поступления Источник поступления Стоимость Библиотека постоянного хранения Библиотека текущего хранения Место хранения Шифр хранения Штрих-код Статус экземпляра
Книга 11.01.2010 Покупка 3795.00 РНБ (Московский) РНБ (Московский) Русский книжный фонд: издания с 1957 года 2010-7/20 1-561181  
Книга 21.01.2010 Обязательный экземпляр   РНБ (Московский) РНБ (Московский) Русский книжный фонд: издания с 1957 года 2010-7/20 1-2506530  
Книга 21.01.2010 Обязательный экземпляр 0.00 РНБ (Московский) РНБ (Московский) Фонд общего зала литературы по филологии, педагогике и искусству (гуманитарной литературы) Л1 Ш6(4Фр)/В-719 1-426713  
Книга 11.01.2010 Покупка 3795.00 РНБ (Садовая) РНБ (Садовая) Универсальный читальный зал У Ш6(4Фр)/В-719 1-218613